|
|
|
|
| LEADER |
00000nam0a2200000 4500 |
| 001 |
273471 |
| 005 |
20231101234631.0 |
| 035 |
|
|
|a (RuTPU)RU\TPU\book\296680
|
| 090 |
|
|
|a 273471
|
| 100 |
|
|
|a 20141027d1974 k y0rusy50 ca
|
| 101 |
0 |
|
|a rus
|
| 102 |
|
|
|a RU
|
| 105 |
|
|
|a a z 001zy
|
| 200 |
1 |
|
|a Сигналы из глубин Земли и её геологического прошлого
|f А. С. Девдариани
|
| 210 |
|
|
|a Москва
|c Недра
|d 1974
|
| 215 |
|
|
|a 104 с.
|c ил.
|
| 320 |
|
|
|a Библиогр.: с. 100-103.
|
| 606 |
1 |
|
|a Геология
|x Математические методы
|2 stltpush
|3 (RuTPU)RU\TPU\subj\6103
|9 34062
|
| 610 |
1 |
|
|a сообщения
|
| 610 |
1 |
|
|a сигналы
|
| 610 |
1 |
|
|a помехи
|
| 610 |
1 |
|
|a полезные ископаемые
|
| 610 |
1 |
|
|a поиски
|
| 610 |
1 |
|
|a аномалии
|
| 610 |
1 |
|
|a земная поверхность
|
| 610 |
1 |
|
|a рельеф
|
| 610 |
1 |
|
|a геофизические поля
|
| 610 |
1 |
|
|a климат
|
| 610 |
1 |
|
|a история
|
| 610 |
1 |
|
|a водные бассейны
|
| 610 |
1 |
|
|a осадкообразование
|
| 610 |
1 |
|
|a тектонические движения
|
| 610 |
1 |
|
|a магматизм
|
| 675 |
|
|
|a 55:51
|v 3
|
| 700 |
|
1 |
|a Девдариани
|b А. С.
|g Анатолий Сеитович
|
| 801 |
|
1 |
|a RU
|b 63413507
|c 20141027
|
| 801 |
|
2 |
|a RU
|b 63413507
|c 20141028
|g RCR
|
| 942 |
|
|
|c BK
|